00248nam a22000737a 4500082002300000245007700023526003700100526003700137 a388.095491bECOcD aSeminar-cum-workshop on Containerization in Relation to Inland Transport a0b0c0d388_095491000000000_ECO a0b0c0d388_095491000000000_ECO